Flora of lower subansiri district, Arunchal Pradesh (India) / (Record no. 147166)

MARC details
000 -LEADER
fixed length control field 00658nam a22001817a 4500
005 - DATE AND TIME OF LATEST TRANSACTION
control field 20171107100144.0
010 ## - LCCN (DPL NO)
LC control number ENG-121247
020 ## - INTERNATIONAL STANDARD BOOK NUMBER
International Standard Book Number 8181770587
Terms of availability 1040.00
035 ## - SYSTEM CONTROL NUMBER
System control number EN-104779
037 ## - SOURCE OF ACQUISITION
Source of stock number/acquisition DBAD/PUB
082 ## - DEWEY DECIMAL CLASSIFICATION NUMBER
Classification number 581.954163
100 ## - MAIN ENTRY--PERSONAL NAME
Personal name Pal, G.D.
245 ## - TITLE STATEMENT
Title Flora of lower subansiri district, Arunchal Pradesh (India) /
Statement of responsibility, etc by G.D. Pal
260 ## - PUBLICATION, DISTRIBUTION, ETC. (IMPRINT)
Name of publisher, distributor, etc The Director, Botanical Survey Of India,
Date of publication, distribution, etc 2013
Place of publication, distribution, etc Kolkata
270 ## - ADDRESS
Address CGO Complex, 3rd MSO Building, Block F(5th and 6th Floor), DF Block, Sector I, Salt lake City
City Kolkata
Postal code 700 064
300 ## - PHYSICAL DESCRIPTION
Extent Vol.2(610p) :
Other physical details ill.
Dimensions 25cm, (Hb)
942 ## - ADDED ENTRY ELEMENTS (KOHA)
Source of classification or shelving scheme Dewey Decimal Classification
Item type English Books
Classification part 581.954163
Call number suffix PAL
Holdings
Withdrawn status Lost status Materials specified (bound volume or other part) Not for loan Collection code Home library Current library Date acquired Source of acquisition Cost, normal purchase price Full call number Barcode Copy number Cost, replacement price Koha item type
    Vol.-2   Non-fiction Patel Nagar Patel Nagar 06/11/2017 DBAD/PUB 1040.00 581.954163 PAL EN-104779 1 1040.00 English Books

© Delhi Public Library
Hit Counter
free hit counter